Central Library OPAC University of Rajshahi

ছিন্নপত্র : রবীন্দ্রজীবনকোষ / (Record no. 68872)

MARC details
000 -LEADER
fixed length control field 00896nam a2200229 a 4500
001 - CONTROL NUMBER
control field 68872
003 - CONTROL NUMBER IDENTIFIER
rucl marc code BD-RjUL
005 - DATE AND TIME OF LATEST TRANSACTION
control field 20211209081823.0
008 - FIXED-LENGTH DATA ELEMENTS--GENERAL INFORMATION
fixed length control field 170406s2005 ii ||||| |||| 00| 0 ben d
035 ## - SYSTEM CONTROL NUMBER
System control number (BD-RjUL)69083
040 ## - CATALOGING SOURCE
Original cataloging agency BD-RjUL
Language of cataloging ben
Transcribing agency BD-RjUL
041 ## - LANGUAGE CODE
Language code of text/sound track or separate title ben
082 ## - DEWEY DECIMAL CLASSIFICATION NUMBER
Edition number 23
Classification number 891.4409
Author mark and year PAS 2005
100 ## - MAIN ENTRY--PERSONAL NAME
Personal name পাল, নিমাইচন্দ্র
9 (RLIN) 126918
245 10 - TITLE STATEMENT
Title ছিন্নপত্র : রবীন্দ্রজীবনকোষ /
Statement of responsibility, etc. নিমাইচন্দ্র পাল
250 ## - EDITION STATEMENT
Edition statement ২য় সং.
260 ## - PUBLICATION, DISTRIBUTION, ETC. (IMPRINT)
Place of publication, distribution, etc. কলিকাতা :
Name of publisher, distributor, etc. সো্নার তরী,
Date of publication, distribution, etc. ২০০৫
300 ## - PHYSICAL DESCRIPTION
Pagination ২০২ পৃ.
Size ১৮ সে.মি.
650 ## - SUBJECT ADDED ENTRY--TOPICAL TERM
Topical term or geographic name as entry element বাংলা সাহিত্য
Form subdivision ইতিহাস এবং সমালোচনা
9 (RLIN) 204077
Topical term or geographic name as entry element Bengali Literature
Form subdivision History and criticism
9 (RLIN) 204078
942 ## - ADDED ENTRY ELEMENTS (KOHA)
Source of classification or shelving scheme Dewey Decimal Classification
Koha item type Books
Holdings
Lost status Source of classification or shelving scheme Damaged status Not for loan Collection code Permanent Location Current Location Shelving location Date acquired Source of acquisition Cost, normal purchase price Total Checkouts Full call number Date last seen Copy number Koha item type
  Dewey Decimal Classification   Not For Loan Fiction Central Library, University of Rajshahi Central Library, University of Rajshahi Reading Room 09/12/2021 Dhaka, Paragon Enterprise Ltd. 80.00   B 891.4409 PAC 2005 06/04/2017 C-1 Books